000 00449cam a22001097a 4500
008 180718b2001 xxu||||| |||| 00| 0 eng d
082 _aT39065x59 F761
245 _aForeign trade statistics of Asia and the Pacific, 1994-1998
_cby Economic and Social Commission for Asia and the Pacific, United Nations
260 _aNew York
_bUnited Nations
_c2001
300 _a803p.
700 _aUnited Nations. Economic and Social Commission for Asia and the Pacific
999 _c489855
_d489855